000 00844nam a2200205 i 4500
001 154861
003 ES-MaACL
005 20230906205900.0
008 040712s1872 sp |||| | spa d
040 _aCAM
_bspa
_cCAM
100 1 _aGuerrero, Teodoro.
_9148902
245 1 3 _aLa camelia y la mariposa
_b: cuento de salon /
_cTeodoro Guerrero.
250 _a5ª ed.
260 _aMadrid :
_b[s.n.],
_c1872 (
_fImprenta, fundición y estereotipia de Juan Aguado)
300 _a285 p. ;
_c18 cm.
505 8 _aLas pag. 85-285 corresponden a la obra "Una historia de lágrimas : cuento de salón", 4ª ed.
594 _aTit. de la antep.: Cuentos de salón.
700 1 2 _aGuerrero, Teodoro.
_9148902
852 _aES-MaACL
_jG-10727
_z-- Enc. hol.
_z-- Ex-libris ms. de Gustavo Saenz Diez
_z-- Podría ser la obra incompleta de CCPB000243313-3
999 _c154861
_d154861